00622nam a22001697a 450000500170000000800410001702000150005805000200007310000160009324501990010925000110030826000300031930000220034950000140037165000220038570000450040720180410132135.0180410b xxu||||| |||| 00| 0 eng d a8403010273 aB411bA74 1991  aAristoteles aObras : bdel Alma, Etica Nicomaquea, Etica Eudemiana, Politica, Constitucion de Atenas, Poetica / cAristoteles ; tr. del griego, est. prelim., preambulos y notas por Francisco de P. Samaranch. a1a ed. aMadrid :bAguilar, c1991 a1182 p. ; c18 cm a1 ejem.  7aFilosofia Antigua aSamaranch, Francisco de P.,etr. y prol.